Comprehensive social security scheme for workers / (Record no. 52613)

MARC details
000 -LEADER
fixed length control field 01129nam a22003017a 4500
005 - DATE AND TIME OF LATEST TRANSACTION
control field 20110530101134.0
008 - FIXED-LENGTH DATA ELEMENTS--GENERAL INFORMATION
fixed length control field 110530t xxu||||| |||| 00| 0 eng d
010 ## - LCCN (DPL NO)
LC control number ENG-102517
020 ## - INTERNATIONAL STANDARD BOOK NUMBER
International Standard Book Number 9788184502763
Terms of availability 1850.00
035 ## - SYSTEM CONTROL NUMBER
System control number EN-86050
037 ## - SOURCE OF ACQUISITION
Source of stock number/acquisition DBAD / PUB
040 ## - CATALOGING SOURCE
Original cataloging agency dpl
Language of cataloging English
082 ## - DEWEY DECIMAL CLASSIFICATION NUMBER
Classification number 368.400954
100 ## - MAIN ENTRY--PERSONAL NAME
9 (RLIN) 27410
Personal name Mann, Jeet Singh
110 ## - MAIN ENTRY--CORPORATE NAME
9 (RLIN) 27425
245 ## - TITLE STATEMENT
Title Comprehensive social security scheme for workers /
Statement of responsibility, etc by Jeet Singh Mann ; foreworded by N. N. Mathur
260 ## - PUBLICATION, DISTRIBUTION, ETC. (IMPRINT)
Place of publication, distribution, etc New Delhi
Name of publisher, distributor, etc Deep & Deep Publications
Date of publication, distribution, etc 2010
270 ## - ADDRESS
Address F-159, Rajouri Garden
City New Delhi
Postal code 110027
Telephone number 25435369,25440916
300 ## - PHYSICAL DESCRIPTION
Extent xvi, 505 p.
Dimensions 22cm (Hb)
500 ## - GENERAL NOTE
General note Includes bibliographical references and index
650 ## - SUBJECT ADDED ENTRY--TOPICAL TERM
9 (RLIN) 27411
650 ## - SUBJECT ADDED ENTRY--TOPICAL TERM
9 (RLIN) 27412
650 ## - SUBJECT ADDED ENTRY--TOPICAL TERM
9 (RLIN) 27426
700 ## - ADDED ENTRY--PERSONAL NAME
9 (RLIN) 27415
942 ## - ADDED ENTRY ELEMENTS (KOHA)
Institution code [OBSOLETE] dpl
Item type English Books
Source of classification or shelving scheme Dewey Decimal Classification
Call number suffix MAN
Classification part 368.400954
Holdings
Withdrawn status Lost status Source of classification or shelving scheme Damaged status Not for loan Collection code Home library Current library Date acquired Source of acquisition Cost, normal purchase price Total Checkouts Full call number Barcode Date last seen Copy number Cost, replacement price Koha item type
    Dewey Decimal Classification   Not For Loan Non-fiction D.B.Act.Division D.B.Act.Division 30/05/2011 d 1850.00   368.400954 MAN EN-86050 30/05/2011 1 1850.00 English Books

© Delhi Public Library
Hit Counter
free hit counter